[Event "OL-SW 9596"]
[Site "GER"]
[Date "1995.??.??"]
[Round "?"]
[White "Becher, Helmut"]
[Black "Bohn, Thomas"]
[Result "1/2-1/2"]
[WhiteElo "2290"]
[BlackElo "2360"]

1.Nf3 d5 2.c4 c6 3.b3 Nf6 4.g3 Bg4 5.Bg2 Nbd7 6.Bb2 e6 7.O-O Be7 8.d3 Bxf3
9.Bxf3 O-O 10.Nd2 a5 11.cxd5 cxd5 12.e4 Qb6 13.Qe2 Bc5 14.e5 Ne8 15.Bg2 Nc7
16.Nf3 Nb5 17.Qd2 Nd4 18.Rfe1 Rac8  1/2-1/2

[Event "BL2-N9495"]
[Site "Germany"]
[Date "1995.??.??"]
[Round "?"]
[White "Jaehnisch, Frank"]
[Black "Bach, Matthias"]
[Result "1/2-1/2"]
[WhiteElo "2255"]
[BlackElo "2315"]

1.Nf3 d5 2.c4 e6 3.g3 c5 4.Bg2 Nf6 5.O-O Be7 6.b3 O-O 7.e3 d4 8.exd4 cxd4
9.Bb2 Nc6 10.Re1 Re8 11.a3 a5 12.d3 Bf8 13.Nbd2 e5 14.Ng5 Bg4 15.Bf3 Qd7
16.Nge4 Bxf3 17.Nxf6+ gxf6 18.Qxf3 f5 19.Re2 Bg7 20.Rb1 Ra6 21.Qh5 Nd8 22.Bc1 e4
23.dxe4 d3 24.Re3 Bd4 25.Re1 Rg6 26.e5 f4 27.Nf1 Ne6 28.Bd2 Rg5 29.Qf3 Bxe5
30.Qd5 Qxd5 31.cxd5  1/2-1/2

[Event "BL2-N9495"]
[Site "Germany"]
[Date "1995.??.??"]
[Round "?"]
[White "Pein, Malcolm"]
[Black "Bagirov, Vladimir"]
[Result "1-0"]
[WhiteElo "2415"]
[BlackElo "2530"]

1.Nf3 d5 2.c4 c6 3.d4 e6 4.Nc3 dxc4 5.Bg5 f6 6.Bf4 b5 7.e4 Bb7 8.Be2 Ne7
9.h4 Ng6 10.Bg3 Be7 11.h5 Nf8 12.Qc2 Na6 13.Rd1 Qa5 14.h6 g6 15.O-O Rd8 16.Rfe1 Kf7
17.a3 Rg8 18.d5 cxd5 19.exd5 Bxd5 20.Nd4 Qb6 21.Ndxb5 Rd7 22.Nxd5 Rxd5 23.Rxd5 exd5
24.Bxc4 Qc5 25.Rxe7+ Kxe7 26.Bd6+ Qxd6 27.Nxd6 Nc7 28.Nb5 Nfe6 29.Nxc7  1-0

[Event "BL2-N9495"]
[Site "Germany"]
[Date "1995.??.??"]
[Round "?"]
[White "Sahlender, Frank"]
[Black "Heuer, Thomas"]
[Result "0-1"]
[WhiteElo "2275"]
[BlackElo "2300"]

1.Nf3 d5 2.c4 e6 3.d4 Nf6 4.cxd5 exd5 5.Bg5 Be7 6.Nc3 c6 7.Qc2 g6 8.e3 Bf5
9.Bd3 Bxd3 10.Qxd3 Nbd7 11.O-O O-O 12.Rab1 a5 13.Rfc1 Re8 14.Bf4 Nh5 15.Bh6 Nhf6
16.Nd2 Bd6 17.f3 Kh8 18.Bg5 Qb8 19.Nf1 Kg7 20.Re1 Qa7 21.Kh1 Nh5 22.e4 dxe4
23.fxe4 Bf4 24.Bh4 Bc7 25.Rbd1 Qa6 26.Qh3 Nf8 27.e5 Bd8 28.Bxd8 Raxd8 29.Qf3 Ne6
30.d5 cxd5 31.Nxd5 Qc6 32.Nfe3 Ng5 33.Qg4 Rxe5 34.Qd4 f6 35.Rf1 Ne6 36.Qd2 Nef4
37.Rc1  0-1

[Event "BL2-N9495"]
[Site "Germany"]
[Date "1995.??.??"]
[Round "?"]
[White "Sieg, Ulrich"]
[Black "Hermann, Manfred"]
[Result "0-1"]
[WhiteElo "2330"]
[BlackElo "2405"]

1.Nf3 d5 2.c4 c6 3.d4 Nf6 4.Qb3 dxc4 5.Qxc4 Bf5 6.g3 e6 7.Bg2 Nbd7 8.Nc3 Be7
9.O-O O-O 10.e3 Ne4 11.Nd2 Nxd2 12.Bxd2 e5 13.e4 exd4 14.exf5 dxc3 15.Bxc3 Bf6
16.Rad1 Bxc3 17.bxc3 Qc7 18.Rd4 Rad8 19.Rfd1 Ne5 20.Qe2 f6 21.h3 Rfe8 22.f4 Nf7
23.Qc4 Rxd4 24.Rxd4 Qb6 25.g4 Rd8 26.Kh2 Rxd4 27.cxd4 Kf8 28.a4 Nd6 29.Qc3 a5
30.Qe3 Qb4 31.g5 fxg5 32.fxg5 Nxf5 33.Qe6 Qd6+ 34.Qxd6+ Nxd6 35.Kg3 Nf5+
36.Kf4 Nxd4 37.Ke5 Ne2 38.Be4 h6 39.gxh6 gxh6 40.Kd6 Nc3 41.Bc2 Kg7 42.Kc5 b5
43.axb5 cxb5 44.Kd4 b4 45.Kc4 Kf6 46.Bd3 Ke5 47.Bh7 h5 48.Bg6 h4 49.Bh7 Ne2  0-1

[Event "BL2-O9495"]
[Site "Germany"]
[Date "1995.??.??"]
[Round "?"]
[White "Boehlig, Heinz"]
[Black "Ottstadt, Ralph"]
[Result "1/2-1/2"]
[WhiteElo "2310"]
[BlackElo "2270"]

1.Nf3 d5 2.c4 dxc4 3.e3 Nf6 4.Bxc4 e6 5.O-O a6 6.a4 c5 7.d4 Nc6 8.Nc3 Qc7
9.Qe2 Bd6 10.Rd1 O-O 11.h3 b6 12.d5 exd5 13.Nxd5 Nxd5 14.Bxd5 Bb7 15.e4 Rae8
16.Be3 Bf4 17.Bxf4 Qxf4 18.Qd2 Qc7 19.Qc3 Nb4 20.a5 Bxd5 21.exd5 Rd8 22.axb6 Qxb6
23.Qc4 Rd6 24.Rac1 Rfd8 25.Qxc5 Qxc5 26.Rxc5 Kf8 27.Ne5 f6 28.Nc4 Rxd5 29.Rdxd5  1/2-1/2

[Event "BL2-N9495"]
[Site "Germany"]
[Date "1995.??.??"]
[Round "?"]
[White "Gaerths, Ronny"]
[Black "Bagirov, Vladimir"]
[Result "1/2-1/2"]
[WhiteElo "2285"]
[BlackElo "2510"]

1.Nf3 d5 2.c4 d4 3.g3 g6 4.Bg2 Bg7 5.d3 c5 6.b4 cxb4 7.a3 bxa3 8.Bxa3 Nc6
9.Nbd2 Nf6 10.O-O O-O 11.Qb3 h6 12.Rfb1 Re8 13.Ne1 e5 14.Nc2 Qc7 15.Nb4 Bg4
16.Nd5 Nxd5 17.cxd5 Na5 18.Qa4 Bd7 19.Qd1 Qd8 20.Bb4 b6 21.Bxa5 bxa5 22.Nc4 a4
23.Nd6 Rf8 24.Nb7 Qe7 25.Na5 Qd6 26.Nc6 Rfe8  1/2-1/2

[Event "BL2-O9495"]
[Site "Germany"]
[Date "1995.??.??"]
[Round "?"]
[White "Schmidt, Jan Peter"]
[Black "Ottstadt, Ralph"]
[Result "1-0"]
[WhiteElo "2245"]
[BlackElo "2270"]

1.Nf3 d5 2.c4 c6 3.b3 Nf6 4.g3 Bg4 5.Bg2 e6 6.Bb2 Nbd7 7.O-O Bd6 8.d4 O-O
9.Nbd2 Qe7 10.Ne5 Bh5 11.a3 a5 12.Re1 Rfc8 13.Qb1 Ng4 14.Nxg4 Bxg4 15.e4 dxe4
16.Nxe4 Bc7 17.f4 Bf5 18.Qd1 Qf8 19.Kh1 Nb6 20.Qe2 Rd8 21.Rf1 h6 22.g4 Bh7
23.g5 hxg5 24.Nxg5 Bf5 25.Be4 f6 26.Bxf5 exf5 27.Qe6+ Kh8 28.Rf3  1-0

[Event "NRW-Liga II 9495"]
[Site "Germany"]
[Date "1995.??.??"]
[Round "?"]
[White "Forchert, Martin"]
[Black "Kreutzkamp, Reinhold"]
[Result "1-0"]
[WhiteElo "2325"]
[BlackElo "2190"]

1.Nf3 d5 2.c4 c6 3.cxd5 cxd5 4.d4 Nf6 5.Nc3 Nc6 6.Bf4 Bf5 7.e3 e6 8.Qb3 Bb4
9.Bb5 O-O 10.Bxc6 Bxc3+ 11.Qxc3 Rc8 12.Ne5 Ne4 13.Qa3 bxc6 14.Rc1 f6 15.Nd3 g5
16.f3 gxf4 17.fxe4 Bxe4 18.Nxf4 Qe8 19.O-O e5 20.Ne2 Rf7 21.Ng3 Bg6 22.h4 Qe6
23.h5 Be4 24.dxe5 Qxe5 25.Rf4 Kh8 26.Nxe4 dxe4 27.Rc5 Qe6 28.Qc3 Kg7 29.b3 Rd8
30.Rxc6 Rd1+ 31.Kh2 Qe7 32.Qc4 Qe5 33.Qe2 Qa1 34.Qg4+ Kh6 35.Rcxf6+ Rxf6
36.Rxf6+ Qxf6 37.Qxd1 Qe5+ 38.Kh3 a5 39.Qg4 Qa1 40.Qe6+ Kxh5 41.Qf5+ Kh6
42.Qxa5 Qb1 43.Qb6+ Kg5 44.Qc5+ Kg6 45.Qd6+ Kg5 46.Qd5+ Kf6 47.Qd2 h5 48.Kg3 Kg5
49.b4 h4+ 50.Kf2 h3 51.Qd5+ Kh4 52.Qd8+ Kh5 53.Qe8+ Kg5 54.Qe5+ Kg6 55.Qe6+ Kg5
56.Qe7+ Kg6 57.gxh3 Qd3 58.Qe6+ Kg5 59.Qg4+ Kf6 60.Qe2 Qd6 61.b5 Ke7 62.Kg2 Qc5
63.h4 Qf5 64.a4 Qg6+ 65.Kh2 Qf6 66.Kh3 Kd6 67.Qd2+ Ke6 68.Qa2+ Ke7 69.Qg2 Qf5+
70.Qg4 Qf1+ 71.Kg3 Qg1+ 72.Kf4 Qf1+ 73.Kxe4 Qc4+ 74.Kf5 Qd5+ 75.Kf4  1-0

[Event "Oberliga Nord N9596"]
[Site "Germany"]
[Date "1995.??.??"]
[Round "?"]
[White "Hess, Christian"]
[Black "Szobris, Torsten"]
[Result "1-0"]
[WhiteElo "2260"]
[BlackElo "2140"]

1.Nf3 d5 2.c4 c6 3.e3 Nf6 4.Nc3 Bg4 5.cxd5 Bxf3 6.gxf3 cxd5 7.Qb3 Qd7 8.d4 Nc6
9.Bd2 e6 10.Rc1 Be7 11.Bb5 Rc8 12.Na4 O-O 13.Ke2 Qd6 14.Nc5 Qb8 15.Bxc6 bxc6
16.Qxb8 Rxb8 17.b3 Rfc8 18.Rc2 Bxc5 19.Rxc5 Nd7 20.Ra5 Rb7 21.Rc1 Kf8 22.Rc2 Ke8
23.Bc1 Nb8 24.Ba3 Kd7 25.Bc5 a6 26.Ra4 Rb5 27.Ba7 a5 28.Rc5 Kc7 29.Bxb8+ Rcxb8
30.Rxa5 Rxa5 31.Rxa5 Kb6 32.b4 f6 33.Kd3 e5 34.a4 Re8 35.Rc5 exd4 36.Kxd4 f5
37.a5+ Kb7 38.b5 cxb5 39.Rxb5+ Kc6 40.Rc5+ Kb7 41.Rxd5  1-0

[Event "BL2-S9495"]
[Site "Germany"]
[Date "1995.??.??"]
[Round "?"]
[White "Dittmar, Peter"]
[Black "Schlindwein, Rolf"]
[Result "1/2-1/2"]
[WhiteElo "2285"]
[BlackElo "2385"]

1.Nf3 d5 2.c4 c6 3.e3 Nf6 4.b3 Bf5 5.Bb2 e6 6.Be2 Nbd7 7.O-O Bd6 8.Nh4 Bxb1
9.Rxb1 g5 10.Nf3 Rg8 11.Qc2 Qc7 12.cxd5 Nxd5 13.g3 h5 14.a3 N5f6 15.Rfc1 h4
16.Kg2 O-O-O 17.Nd4 Kb8 18.b4 Rh8 19.Qb3 Be5 20.Nb5 Qb6 21.Nc3 Rh6 22.Na4 Qc7
23.b5 hxg3 24.hxg3 Rdh8 25.Rh1 Rxh1 26.Rxh1 Rxh1 27.Kxh1 Ne4 28.Bxe5 Nxe5
29.Qb4 cxb5 30.Nc3 Nxc3 31.Qf8+ Qc8 32.Qd6+ Ka8 33.dxc3 Qc6+ 34.Qxc6 bxc6
35.f4 gxf4 36.exf4 Nd7 37.Bh5 Kb7 38.Bxf7 Nc5 39.g4 Kc7 40.g5 Kd6 41.Be8 Ne4
42.Kg2 Ke7 43.Bxc6 Nxc3 44.Kf3 a5  1/2-1/2

[Event "BL2-W9495"]
[Site "Germany"]
[Date "1995.??.??"]
[Round "?"]
[White "Kveinys, Aloyzas"]
[Black "Kuijf, Marinus"]
[Result "1-0"]
[WhiteElo "2510"]
[BlackElo "2425"]

1.Nf3 d5 2.c4 c6 3.b3 Bf5 4.Bb2 e6 5.g3 h6 6.Bg2 Nf6 7.O-O Be7 8.d3 O-O 9.Nbd2 c5
10.Ne5 Nbd7 11.e4 Nxe5 12.Bxe5 Bh7 13.Qe2 dxe4 14.Nxe4 Nd7 15.Bb2 Re8 16.Rad1 Qc7
17.d4 cxd4 18.Bxd4 Rad8 19.Nc3 a6 20.Qf3 Rb8 21.Be3 Ne5 22.Qe2 Bb4 23.Ne4 Nc6
24.c5 Bxe4 25.Bxe4 Bc3 26.Bf4 e5 27.Bxh6 gxh6 28.Qg4+ Kf8 29.Rd7 Qa5 30.Qh5 Re7
31.Qxh6+ Ke8 32.Rxe7+ Kxe7 33.Qd6+  1-0

[Event "BL2-S9495"]
[Site "Germany"]
[Date "1995.??.??"]
[Round "?"]
[White "Mueller, Olaf"]
[Black "Bogdanovich, Grigory"]
[Result "0-1"]
[WhiteElo "2345"]
[BlackElo "2390"]

1.Nf3 d5 2.c4 e6 3.b3 Nf6 4.Bb2 Be7 5.g3 O-O 6.Bg2 c5 7.O-O Nc6 8.e3 dxc4
9.bxc4 Qd3 10.Qc1 Rd8 11.Ne1 Qd7 12.d3 b6 13.Nd2 Bb7 14.a3 Ne8 15.f4 Bf6
16.Ne4 Bxb2 17.Qxb2 Nd6 18.Nxd6 Qxd6 19.Rd1 Rd7 20.g4 Rad8 21.Be4 Na5 22.Bxb7 Rxb7
23.Qc3 Rbd7 24.Nf3 Nc6 25.Rd2 f6 26.Rfd1 e5 27.f5 g5 28.Kf2 Qe7 29.e4 Na5
30.Ne1 h5 31.Ng2 hxg4 32.Ne3 Qh7 33.Rg1 Qxh2+  0-1

[Event "Landesliga S9596 Bayern"]
[Site "Germany"]
[Date "1995.??.??"]
[Round "?"]
[White "Mueller, Marcus"]
[Black "Gnegel, Boris Igor"]
[Result "1-0"]
[WhiteElo "1950"]
[BlackElo "2010"]

1.Nf3 d5 2.c4 d4 3.b4 g6 4.e3 dxe3 5.fxe3 Bg7 6.d4 e5 7.Nxe5 Bxe5 8.dxe5 Qh4+
9.g3 Qe4 10.Qd5 Qc2 11.Qd2 Qe4 12.Bg2 Qxc4 13.Bd5 Qa6 14.e6 Bxe6 15.Bb2 f6
16.b5 Bxd5 17.bxa6 Bxh1 18.axb7 Bxb7 19.Qb4 Bc6 20.Qc5 Kf7 21.Ba3 g5 22.h4 gxh4
23.gxh4 Nh6 24.Nc3 Re8 25.O-O-O Kg7 26.Rg1+ Kh8 27.Qh5 Rg8 28.Rxg8+ Nxg8
29.Qc5 Be8 30.Nd5 Nd7 31.Qxc7 Nb6 32.Nxb6 axb6 33.Bf8 Bd7 34.Qxd7 Rxf8 35.a4 Nh6
36.Qd6 Kg7 37.Qxb6 Nf5 38.a5 Nxh4 39.a6 Nf5 40.Qb7+ Kg6 41.a7 Nxe3 42.Qe4+ f5
43.Qxe3 f4 44.Qe4+  1-0

[Event "Landesliga S9596 Bayern"]
[Site "Germany"]
[Date "1995.??.??"]
[Round "?"]
[White "Kauth, Thomas"]
[Black "Denkl, Ludwig"]
[Result "0-1"]
[WhiteElo "1950"]
[BlackElo "1900"]

1.Nf3 d5 2.c4 e6 3.g3 c5 4.Bg2 Nc6 5.O-O Nf6 6.cxd5 exd5 7.d4 Be7 8.Nc3 O-O
9.Bg5 cxd4 10.Nxd4 h6 11.Bxf6 Bxf6 12.e3 Nxd4 13.exd4 Be6 14.Rc1 Rc8 15.Qb3 Bxd4
16.Bxd5 Rxc3 17.bxc3 Bxd5 18.Qa3 Bb6 19.Rcd1 Qg5  0-1

[Event "Landesliga N9596 Bayern"]
[Site "Germany"]
[Date "1995.??.??"]
[Round "?"]
[White "Gerstorfer, Werner"]
[Black "Giessmann, Stephan"]
[Result "1/2-1/2"]
[WhiteElo "2005"]
[BlackElo "2110"]

1.Nf3 d5 2.c4 c6 3.b3 Nf6 4.Bb2 Bg4 5.g3 Nbd7 6.Bg2 e6 7.O-O Bd6 8.d4 O-O
9.Nbd2 Qc7 10.Rc1 Rfe8 11.Re1 Rad8 12.Qc2 Bf5 13.Qc3 Ne4 14.Nxe4 Bxe4 15.Nh4 Bxg2
16.Nxg2 Nf6 17.Ne3 Ne4 18.Qd3 Bb4 19.Red1 Qe7 20.f3 Nf6 21.Bc3 Bd6 22.c5 Bb8
23.Kf2 h5 24.b4 h4 25.Rg1 Nh5 26.Ng4 Qg5 27.Bd2 Qf5 28.Rcf1 hxg3+ 29.hxg3 f6
30.Qb1 Kf7 31.Rg2 Rh8 32.Rfg1 Rde8 33.Qxf5 exf5 34.Ne3 g6 35.Nf1 g5 36.f4 Re4
37.e3 Ng7 38.Rh2 Rxh2+ 39.Nxh2 Re8 40.Rh1 Rh8 41.Kg2 Ne6 42.a4 a6 43.Rb1 Nc7
44.fxg5 fxg5 45.Nf3 Ne6 46.b5 axb5 47.axb5 Bc7 48.b6 Bd8 49.Ra1 g4 50.Nh4 Kf6
51.Ra8 Rf8 52.Ra1  1/2-1/2

[Event "Landesliga N9596 Bayern"]
[Site "Germany"]
[Date "1995.??.??"]
[Round "?"]
[White "Feist, Reiner"]
[Black "Hirn, Erwin"]
[Result "1/2-1/2"]
[WhiteElo "1940"]
[BlackElo "2035"]

1.Nf3 d5 2.c4 e6 3.d4 Nf6 4.Nc3 Be7 5.cxd5 exd5 6.Bg5 c6 7.e3 Bg4 8.Qb3 Qb6
9.Ne5 Qxb3 10.axb3 Bf5 11.Rc1 Nbd7 12.Nxd7 Kxd7 13.f3 Rhe8 14.Be2 h6 15.Bh4 g5
16.Bf2 h5 17.O-O Bd6 18.Rfd1 g4 19.Bh4 gxf3 20.gxf3 Rg8+ 21.Kh1 Be7 22.e4 Bh3
23.Bf1 Bxf1 24.Rxf1 Rg6 25.Bxf6 Bxf6 26.exd5 Bxd4 27.dxc6+ bxc6 28.Rcd1 Rd6
29.Rd3 Bb6 30.Rfd1 Rxd3 31.Rxd3+ Ke6 32.Kg2 Rg8+ 33.Kh3 Bd8 34.Ne4 Be7 35.Ng3 Rg5
36.f4 Rg4 37.Re3+ Kd7 38.Nf5 Bf6 39.Rd3+ Kc7 40.Nd6 Rxf4 41.Ne8+  1/2-1/2

[Event "NRW-Liga I 9495"]
[Site "Germany"]
[Date "1995.??.??"]
[Round "?"]
[White "Franke, Heribert"]
[Black "Schoenthier, Frank"]
[Result "1/2-1/2"]
[WhiteElo "2370"]
[BlackElo "2360"]

1.Nf3 d5 2.c4 e6 3.g3 Nf6 4.b3 Be7 5.Bg2 a5 6.O-O O-O 7.d3 a4 8.Na3 c6 9.Nc2 axb3
10.axb3 Rxa1 11.Nxa1 Nbd7 12.Bd2 e5 13.Nc2 Re8 14.Qa1 Nc5 15.Qc3 dxc4 16.bxc4 e4
17.Nfd4 exd3 18.exd3 Ng4 19.Re1 Bf8 20.Rxe8 Qxe8 21.Ne3 Ne5 22.Bf1 Qd8 23.f4 Nexd3
24.Bxd3 Nxd3 25.Qxd3  1/2-1/2

[Event "NRW-Liga II 9495"]
[Site "Germany"]
[Date "1995.??.??"]
[Round "?"]
[White "Rapatinski, Konstantin"]
[Black "Mueller, Helge"]
[Result "1/2-1/2"]
[WhiteElo "2225"]
[BlackElo "2295"]

1.Nf3 d5 2.c4 c6 3.g3 Nf6 4.Bg2 Nbd7 5.cxd5 cxd5 6.d4 e6 7.O-O Bd6 8.Nc3 O-O
9.Qc2 Qe7 10.Nb5 Bb4 11.a3 Ba5 12.Bf4 Ne8 13.Nc7 Bxc7 14.Bxc7 Nxc7 15.Qxc7 Re8
16.Rfc1 Nb6 17.Qxe7 Rxe7 18.e4 Bd7 19.exd5  1/2-1/2

[Event "NRW-Liga I 9495"]
[Site "Germany"]
[Date "1995.??.??"]
[Round "?"]
[White "Dietzel, Jan"]
[Black "Kaeser, Udo"]
[Result "1-0"]
[WhiteElo "2325"]
[BlackElo "2285"]

1.Nf3 d5 2.c4 e6 3.g3 c6 4.b3 f5 5.Bb2 Nf6 6.Bg2 Bd6 7.O-O Nbd7 8.d3 O-O
9.Nbd2 e5 10.cxd5 cxd5 11.e4 fxe4 12.dxe4 d4 13.Nc4 Qe7 14.Nxd6 Qxd6 15.Re1 Rd8
16.Rc1 Rb8 17.Qc2 b5 18.Qc7 Qxc7 19.Rxc7 Bb7 20.Bh3 h6 21.Nd2 Rdc8 22.Rec1 Rxc7
23.Rxc7 Nb6 24.f3 Bc8 25.Bxc8 Rxc8 26.Rxc8+ Nxc8 27.f4 exf4 28.gxf4 Nh5 29.Bxd4 Nxf4
30.Kf2 Kf7 31.Nf3 g5 32.Ke3 Ke6 33.Bg7 Ng2+ 34.Kf2 Nf4 35.Bxh6 Nd3+ 36.Ke3 Nc1
37.Bxg5 Nxa2 38.Nd4+ Kd6 39.Nxb5+ Kc5 40.Nd4 Nc3 41.Kd3 Nd1 42.Be3 Nxe3 43.Kxe3 Ne7
44.h4 Ng6 45.Nf3 Kb4 46.h5 Nf8 47.h6 a5 48.e5 Kc5 49.Ke4 Kc6 50.Kf5 Kd7 51.Ng5  1-0

[Event "Mittelfranken-ch"]
[Site "Germany"]
[Date "1995.??.??"]
[Round "1"]
[White "Schatz, Christian"]
[Black "Woerl, Richard"]
[Result "1-0"]
[WhiteElo "2150"]
[BlackElo "1980"]

1.Nf3 d5 2.c4 e6 3.g3 Nf6 4.Bg2 Bd6 5.d4 c6 6.Nc3 O-O 7.O-O Nbd7 8.b3 Qe7
9.Bb2 Ne4 10.Nd2 f5 11.Ndxe4 fxe4 12.f3 e3 13.Bc1 Bb4 14.Qd3 e5 15.Bxe3 Bxc3
16.Qxc3 c5 17.Qd2 cxd4 18.Bg5 Qc5 19.b4 Qxc4 20.f4 e4 21.Rac1 Qa6 22.Qxd4 Qxa2
23.Rc7 Nf6 24.Bxf6 Rxf6 25.Ra1 Qxe2 26.Qxd5+ Be6 27.Qxb7 Re8 28.Rxg7+ Kf8
29.Qxa7 e3 30.Rg5 Rg6 31.Qc5+ Kg7 32.Qe5+ Kg8 33.Qc5 Qf2+ 34.Kh1 Qb2 35.Re1 Rd8
36.Rxg6+ hxg6 37.Qxe3 Bb3 38.Qe2 Qc3 39.Bf3 Rf8 40.Kg2 Bf7 41.Qe5 Qxb4 42.Re2 Qc4
43.Rb2 Re8 44.Rb8 Qa2+ 45.Rb2 Qa7 46.Qb5 Qd4 47.Re2 Rc8 48.Qe5 Qd1 49.Rb2 Qd8
50.h4 Qd7 51.Rb8 Be6 52.Rxc8+ Qxc8 53.Be4 Qe8 54.Bd5 Bxd5+ 55.Qxd5+ Kh7 56.Qd3 Qa8+
57.Qf3 Qa2+ 58.Kh3 Qe6+ 59.g4 Qf7 60.Qe3 Qb7 61.f5 gxf5 62.gxf5 Qh1+ 63.Kg3 Qb7
64.Kg4 Qg7+ 65.Qg5 Qd4+ 66.Kh5 Qd1+ 67.Qg4 Qe1 68.Qg6+ Kh8 69.Qe6 Qd1+  1-0

[Event "Landesliga S9495 Bayern"]
[Site "Germany"]
[Date "1995.??.??"]
[Round "2"]
[White "Schneider, Richard"]
[Black "Taeger, Winfried"]
[Result "1-0"]
[WhiteElo "2220"]
[BlackElo "2250"]

1.Nf3 d5 2.c4 c6 3.d4 Nf6 4.Nc3 a6 5.g3 b5 6.cxd5 cxd5 7.Bg2 e6 8.O-O Be7
9.Ne5 Bb7 10.Bg5 O-O 11.Rc1 Nfd7 12.Bxe7 Qxe7 13.f4 Nxe5 14.fxe5 Nd7 15.e4 dxe4
16.Nxe4 Bxe4 17.Bxe4 Ra7 18.Rc6 Rd8 19.Qc2 Nf8 20.Qc5 Qg5 21.Qxa7 Qe3+ 22.Rf2 Qe1+
23.Rf1 Qe3+ 24.Rf2 Qe1+ 25.Kg2 Qxe4+ 26.Kh3 Rd7 27.Rc7 Rxd4 28.Rcxf7 Qg4+
29.Kg2 Qe4+ 30.R2f3 Nd7 31.Qb8+  1-0

[Event "Landesliga S9495 Bayern"]
[Site "Germany"]
[Date "1995.??.??"]
[Round "2"]
[White "Schneider, Richard"]
[Black "Geberl, Hans Walter"]
[Result "0-1"]
[WhiteElo "2220"]
[BlackElo "2210"]

1.Nf3 d5 2.c4 c6 3.d4 Nf6 4.Nc3 a6 5.a4 dxc4 6.e4 Bg4 7.Bxc4 Bxf3 8.gxf3 e6
9.Qb3 Qc7 10.a5 Nbd7 11.Rg1 Qxh2 12.Ne2 O-O-O 13.Bf4 Qh5 14.Ng3 Qh4 15.Be3 Ne8
16.d5 exd5 17.exd5 Ne5 18.dxc6 Nxc6 19.Rc1 Nc7 20.Bxf7 Qb4+ 21.Qxb4 Bxb4+
22.Ke2 Bxa5 23.Ne4 g6 24.Nc5 Kb8 25.Nb3 Bb4 26.Rg4 Bd6 27.Rxc6 bxc6 28.Na5 Rd7
29.Nxc6+ Kb7 30.Na5+ Ka8 31.Ba2 Rb8 32.Nc4 Nd5 33.Bd4 Bc7 34.Bb1 Rb4 35.Bh8 Nf4+  0-1

[Event "Mittelfranken-ch"]
[Site "Germany"]
[Date "1995.??.??"]
[Round "3"]
[White "Schatz, Christian"]
[Black "Junker, R."]
[Result "1/2-1/2"]
[WhiteElo "2150"]
[BlackElo "2120"]

1.Nf3 d5 2.c4 c6 3.d4 e6 4.Nc3 Nf6 5.cxd5 exd5 6.Bg5 Be7 7.e3 Bf5 8.Bd3 Bxd3
9.Qxd3 O-O 10.O-O Nbd7 11.Nd2 Re8 12.Rab1 Ne4 13.Bxe7 Qxe7 14.b4  1/2-1/2

[Event "JBL NO95/96"]
[Site "Germany"]
[Date "1995.??.??"]
[Round "5"]
[White "Nikitin, Aleksander S"]
[Black "David, Rene"]
[Result "0-1"]
[WhiteElo "2440"]
[BlackElo "2235"]

1.Nf3 d5 2.c4 c6 3.b3 Nf6 4.g3 Bg4 5.Bg2 e6 6.O-O Nbd7 7.d4 a5 8.Nc3 Be7
9.Bb2 O-O 10.h3 Bh5 11.Ne5 Nxe5 12.dxe5 Nd7 13.cxd5 cxd5 14.g4 Bg6 15.f4 f5
16.Nxd5 Bc5+ 17.Bd4 exd5 18.Bxd5+ Kh8 19.Bxb7 Qb6 20.Bxc5 Qxc5+ 21.Kg2 Rad8
22.Qc1 Qb4 23.Bf3 Nc5 24.Qc4 Qb6 25.Bd5 fxg4 26.e4 Nxe4 27.e6 Qe3 28.hxg4 Qg3+
29.Kh1 Qh3+ 30.Kg1 Qxg4+ 31.Kh2 Qh5+  0-1

[Event "JBL NO95/96"]
[Site "Germany"]
[Date "1995.??.??"]
[Round "8"]
[White "Nikitin, Aleksander S"]
[Black "Proehl, Holger"]
[Result "0-1"]
[WhiteElo "2440"]
[BlackElo "2365"]

1.Nf3 d5 2.c4 dxc4 3.Qa4+ c6 4.Qxc4 Nf6 5.d4 g6 6.Bg5 Bg7 7.e3 Qb6 8.Bxf6 Bxf6
9.b3 O-O 10.Nbd2 Nd7 11.Bd3 e5 12.dxe5 Nxe5 13.Nxe5 Bxe5 14.Rc1 Be6 15.Qc2 Bg7
16.O-O Rad8 17.Rfd1 Bg4 18.Nf3 Rd6 19.Be2 Rfd8 20.Rxd6 Rxd6 21.Qe4 Bd7 22.Bc4 Qd8
23.Qc2 Bg4 24.a4 Bxf3 25.gxf3 Bf6 26.Qe4 Kg7 27.Rc2 Rd1+ 28.Kg2 Qa5 29.Re2 a6
30.f4 b5 31.axb5 axb5 32.Qc2 Qa1 33.Bd3 Rc1 34.Qa2 Rg1+ 35.Kf3 Qf1 36.Ke4 Qh3
37.Rd2 Bc3  0-1

[Event "Goch op 6th"]
[Site "Goch"]
[Date "1995.??.??"]
[Round "2"]
[White "Tenelsen, Stefan"]
[Black "Woller, Rainer"]
[Result "1/2-1/2"]
[WhiteElo "1975"]
[BlackElo "2230"]

1.Nf3 d5 2.c4 c6 3.cxd5 cxd5 4.d4 Nf6 5.Nc3 Ne4 6.Qb3 Nxc3 7.bxc3 g6 8.e3 Bg7
9.c4 dxc4 10.Bxc4 O-O 11.O-O Nc6 12.Bd2 Na5 13.Bxa5 Qxa5 14.Qb5  1/2-1/2

[Event "Vorarlberg-ch"]
[Site "Goetzis"]
[Date "1995.??.??"]
[Round "?"]
[White "Gasser, Klaus"]
[Black "Rigg, Hans"]
[Result "0-1"]
[WhiteElo "1780"]
[BlackElo "1905"]

1.Nf3 d5 2.c4 e6 3.b3 Nf6 4.g3 Bd6 5.Bg2 O-O 6.O-O c6 7.Bb2 Nbd7 8.d3 e5
9.Nbd2 Qe7 10.Rc1 d4 11.Ng5 h6 12.Nge4 Nxe4 13.Nxe4 f5 14.Nxd6 Qxd6 15.f4 c5
16.b4 Re8 17.bxc5 Nxc5 18.Qd2 a5 19.fxe5 Qxe5 20.Rce1 Ra7 21.Qf4 Qxf4 22.gxf4 b6
23.Bxd4 Rae7 24.Bxc5 bxc5 25.Bd5+ Kh7 26.e4 fxe4 27.dxe4 Bf5 28.e5 Rb8 29.Rf2 g6
30.Ree2 Rb1+ 31.Kg2 Rc1 32.Rd2 Rc3 33.Rb2 Bh3+  0-1

[Event "Graz op"]
[Site "Graz"]
[Date "1995.??.??"]
[Round "2"]
[White "Riemelmoser, Oliver"]
[Black "Burmakin, Vladimir"]
[Result "0-1"]
[WhiteElo "2260"]
[BlackElo "2500"]

1.Nf3 d5 2.c4 e6 3.b3 Nf6 4.g3 c6 5.Bg2 b5 6.O-O Ba6 7.cxd5 cxd5 8.Bb2 Nbd7
9.d3 Rc8 10.Nbd2 Be7 11.Rc1 Rxc1 12.Qxc1 O-O 13.Qa1 Qb6 14.Rc1 b4 15.Ne5 Nxe5
16.Bxe5 Bc5 17.d4 Bd6 18.Bxf6 gxf6 19.e4 dxe4 20.Nxe4 Be7 21.Nc5 Bb5 22.a4 bxa3
23.Qxa3 Rd8 24.Qb4 a5 25.Qc3 e5 26.Nb7 Bb4 27.Qf3 Rxd4 28.Bh3 Ba6 29.Rc8+ Kg7
30.Rc6 Rd1+ 31.Bf1 Qxc6 32.Qxc6 Bxf1 33.Qc2 Re1  0-1

[Event "Graz op"]
[Site "Graz"]
[Date "1995.??.??"]
[Round "3"]
[White "Spindelboeck, Gernot"]
[Black "Palac, Mladen"]
[Result "0-1"]
[WhiteElo "2200"]
[BlackElo "2515"]

1.Nf3 d5 2.c4 e6 3.g3 dxc4 4.Qa4+ Nd7 5.Bg2 a6 6.Qxc4 b5 7.Qc2 Bb7 8.O-O c5
9.d3 Ngf6 10.Nc3 Rc8 11.b3 Be7 12.Bb2 O-O 13.Rac1 Qb6 14.Nd2 Bxg2 15.Kxg2 Nd5
16.Qb1 Rfe8 17.Qa1 Bf8 18.a3 Qb7 19.Kg1 e5 20.h3 Re6 21.Nde4 f5 22.Ng5 Rg6
23.Nf3 Nf4 24.Nh4 Be7 25.Nf3 b4  0-1

[Event "Groningen op"]
[Site "Groningen"]
[Date "1995.??.??"]
[Round "?"]
[White "Martinovic, Slobodan"]
[Black "Gaponenko, Inna"]
[Result "0-1"]
[WhiteElo "2445"]
[BlackElo "2365"]

1.Nf3 d5 2.c4 d4 3.g3 Nf6 4.b4 c5 5.Bg2 Nbd7 6.Qa4 Qc7 7.Na3 e5 8.d3 a6 9.bxc5 Bxc5
10.Nc2 O-O 11.O-O Rb8 12.Rb1 Ba7 13.Ba3 b5 14.cxb5 axb5 15.Qb3 Nc5 16.Bxc5 Be6
17.Qb2 Bxc5 18.Ng5 Bd5 19.Bxd5 Nxd5 20.Ne4 Be7 21.Qb3 Qd7 22.Ne1 Kh8 23.Nf3 f5
24.Ned2 Bf6 25.Rbe1 Nc3 26.e3 Ra8 27.exd4 exd4 28.a3 Ra7 29.Qb4 Be7 30.Qxd4 Qxd4
31.Nxd4 Bxa3 32.N2b3 Rd7 33.Re6 Kg8 34.Rfe1 f4 35.R1e5 fxg3 36.hxg3 Bb2 37.Re1 b4
38.Rb6 Na4 39.Ra6 Bxd4 40.Nxd4 Nc5 41.Rc6 Nxd3 42.Re4 Nxf2 43.Rh4 g5 44.Ne6 gxh4
45.Nxf8 Kxf8 46.Kxf2  0-1

[Event "Groningen op"]
[Site "Groningen"]
[Date "1995.??.??"]
[Round "?"]
[White "Gasimov, Ragim"]
[Black "Filippov, Valerij"]
[Result "0-1"]
[WhiteElo "2420"]
[BlackElo "2510"]

1.Nf3 d5 2.c4 dxc4 3.Na3 g6 4.Nxc4 b5 5.Ne3 Bb7 6.a4 c5 7.Qb3 b4 8.Nc4 Nf6
9.e3 e6 10.Be2 Be7 11.O-O O-O 12.Qc2 Nc6 13.b3 Rc8 14.Bb2 Nd5 15.Rfd1 Qc7
16.Rac1 Rfd8 17.Qb1 Bf6 18.Bxf6 Nxf6 19.Qb2 Nd5 20.Ne1 Nce7 21.Nd3 Nf5 22.Bf1 Nh4
23.Qe5 Qe7 24.Na5 Ba8 25.Nf4 Nxf4 26.Qxf4 Rd5 27.d4 Rcd8 28.e4 e5 29.Qg4 Rxd4
30.Rxd4 cxd4 31.Ba6 h5 32.Qe2 Nxg2 33.Qf3 Nf4 34.Qg3 d3 35.Nc4 Ne2+  0-1

[Event "Wch U18"]
[Site "Guarapuava"]
[Date "1995.??.??"]
[Round "7"]
[White "Kacheishvili, Giorgi"]
[Black "Stojanovic, Mihajlo"]
[Result "1/2-1/2"]
[WhiteElo "2450"]
[BlackElo "2390"]

1.Nf3 d5 2.c4 c6 3.e3 Nf6 4.Nc3 Nbd7 5.d4 e6 6.Qc2 Bd6 7.Be2 O-O 8.O-O Re8
9.b3 Qe7 10.Bb2 b6 11.e4 Nxe4 12.Nxe4 dxe4 13.Qxe4 Bb7 14.Rad1 f5 15.Qe3 c5
16.Bd3 Bxf3 17.Qxf3 cxd4 18.Bb1  1/2-1/2

[Event "Wch U18"]
[Site "Guarapuava"]
[Date "1995.??.??"]
[Round "9"]
[White "Kacheishvili, Giorgi"]
[Black "Rowson, Jonathan"]
[Result "0-1"]
[WhiteElo "2450"]
[BlackElo "2400"]

1.Nf3 d5 2.c4 d4 3.e3 Nc6 4.d3 e5 5.a3 a5 6.g3 Nf6 7.e4 Be7 8.Bg2 Nd7 9.b3 Nc5
10.O-O O-O 11.Ne1 f5 12.Nd2 f4 13.Rb1 Be6 14.Qe2 g5 15.Bf3 Qd7 16.Bh5 Rab8
17.Qd1 b5 18.b4 axb4 19.axb4 Na6 20.cxb5 Rxb5 21.Qa4 Ncxb4 22.Nc4 Nc5 23.Qd1 Nbxd3
24.Nxd3 Nxd3 25.Rxb5 Qxb5 26.Na3 Qb3  0-1